000 00426nam a22001571a 4500
020 _a9788185133140
082 _aS 294.592 6
_bMAN/D
245 _aThe dharma-sastra or hindu law codes (v.2)/
_cby Manmatha Nath Dutt(ed.)
260 _aDelhi:
_bEastern Book Linkers,
_c1988.
300 _a467-894p.
650 _aDharmashastra
650 _aHinduism
650 _aReligion
700 _aManmatha Nath Dutt(ed.)
942 _cBK
999 _c10535
_d10535